[Event "Campeonato Individual Provincial Absolut"]
[Site "Trinquet de Manises (Manises -"]
[Date "2011.11.26"]
[Round "7"]
[White "Jordan Arenas, Manuel"]
[Black "Cabero Feliciano, Guillermo"]
[Result "1-0"]
[WhiteElo "2166"]
[BlackElo "2113"]
[PlyCount "83"]
[EventDate "2011.10.01"]
[EventRounds "7"]
[EventCountry "ESP"]

1. d4 Nf6 2. c4 e6 3. Nf3 c5 4. d5 exd5 5. cxd5 d6 6. e4 g6 7. Bd3 a6 8. O-O
Bg7 9. h3 b5 10. Re1 O-O 11. a4 c4 12. Bf1 Re8 13. axb5 Rxe4 14. Nc3 Rxe1 15.
Qxe1 Bb7 16. Bxc4 axb5 17. Rxa8 Bxa8 18. Nxb5 Nxd5 19. Qd2 Nb6 20. Nxd6 Nxc4
21. Nxc4 Qc7 22. Qd6 Qxd6 23. Nxd6 Bxf3 24. gxf3 Nc6 25. Kf1 Nd4 26. Be3 Nxf3
27. b4 Be5 28. Bc5 Nd4 29. Ke1 Ne6 30. Kd2 Nxc5 31. bxc5 Bxd6 32. cxd6 Kf8 33.
Ke3 Ke8 34. Ke4 Kd7 35. Ke5 g5 36. Kf6 Kxd6 37. Kxg5 Ke5 38. h4 f6+ 39. Kh6 Kf5
40. Kxh7 Kg4 41. Kg6 Kxh4 42. f4 1-0

[Event "Campeonato Individual Provincial Absolut"]
[Site "Trinquet de Manises (Manises -"]
[Date "2011.11.26"]
[Round "7"]
[White "Rubio Tent, Francisco"]
[Black "Gonzalez Aguirre, Luis"]
[Result "1-0"]
[WhiteElo "2037"]
[BlackElo "2150"]
[PlyCount "76"]
[EventDate "2011.10.01"]
[EventRounds "7"]
[EventCountry "ESP"]

1. e4 c6 2. d4 d5 3. exd5 cxd5 4. c4 Nf6 5. Nc3 e6 6. Nf3 Bb4 7. cxd5 Nxd5 8.
Bd2 Nc6 9. Bd3 Be7 10. O-O O-O 11. Re1 Nf6 12. Bg5 Nb4 13. Bb1 Bd7 14. Ne5 Bc6
15. a3 Nbd5 16. Qd3 g6 17. Bh6 Re8 18. Qh3 Qd6 19. Ne4 Nxe4 20. Rxe4 Bf6 21.
Bd3 Ne7 22. Ree1 Nf5 23. Rad1 Nxh6 24. Qxh6 Bg7 25. Qf4 Qe7 26. h4 Rad8 27. h5
Qf6 28. Qe3 Qh4 29. hxg6 hxg6 30. Nxc6 bxc6 31. Be4 Rd6 32. g3 Qh8 33. Qf3 Rxd4
34. Rxd4 Bxd4 35. Bxc6 Rc8 36. b4 Bb6 37. Rd1 Qb2 38. Rd7 Rc7 1-0

[Event "Campeonato Individual Provincial Absolut"]
[Site "Trinquet de Manises (Manises -"]
[Date "2011.11.26"]
[Round "7"]
[White "Pavia Miralles, Jose Manuel"]
[Black "Ribes Peris, Alvaro"]
[Result "1/2-1/2"]
[WhiteElo "2166"]
[BlackElo "2137"]
[PlyCount "101"]
[EventDate "2011.10.01"]
[EventRounds "7"]
[EventCountry "ESP"]

1. d4 d5 2. Nf3 Nc6 3. g3 Bf5 4. Bg2 Nf6 5. O-O e6 6. c4 Nb4 7. Na3 c6 8. Nh4
Bg6 9. Nxg6 hxg6 10. Nc2 dxc4 11. Nxb4 Bxb4 12. Qa4 Qa5 13. Qc2 Qh5 14. h3 Ba5
15. Qxc4 Rd8 16. Bf4 Bb6 17. Rfd1 Kf8 18. g4 Qa5 19. Bd2 Qb5 20. Bb4+ Kg8 21.
Qxb5 cxb5 22. e3 Nd5 23. Be1 f5 24. Bf1 Rh4 25. f3 Rh8 26. Bf2 f4 27. exf4 Nxf4
28. h4 a6 29. Rac1 Kf7 30. Kh2 Rd7 31. Kg3 Nd5 32. a4 bxa4 33. g5 Ne7 34. Kg4
Rhd8 35. Rc4 Nf5 36. Rxa4 Bxd4 37. Bxd4 Rxd4+ 38. Raxd4 Rxd4+ 39. Rxd4 Nxd4 40.
Bd3 Nf5 41. Be4 b6 42. Bb7 a5 43. Ba6 Ke7 44. h5 gxh5+ 45. Kxh5 Kf7 46. Kg4 Nd4
47. Kf4 Ke7 48. Ke4 Nc6 49. f4 g6 50. Bb5 Na7 51. Bd3 1/2-1/2

[Event "Campeonato Individual Provincial Absolut"]
[Site "Trinquet de Manises (Manises -"]
[Date "2011.11.26"]
[Round "7"]
[White "Segarra Martinez, Axel"]
[Black "Martinez Lopez, Jaime"]
[Result "1-0"]
[WhiteElo "2109"]
[BlackElo "2105"]
[PlyCount "77"]
[EventDate "2011.10.01"]
[EventRounds "7"]
[EventCountry "ESP"]

1. e4 e6 2. d4 d5 3. Nd2 h6 4. Bd3 c5 5. Ngf3 Nf6 6. e5 Nfd7 7. c3 Nc6 8. Bb1
g5 9. Nb3 b6 10. O-O Ba6 11. Be3 Bxf1 12. Qxf1 Qc7 13. a4 Be7 14. a5 c4 15.
axb6 Qxb6 16. Nbd2 Qxb2 17. Ra6 Qb5 18. Ra2 a5 19. Bc2 Nb6 20. Qa1 Kd7 21. Nb1
a4 22. Bc1 Qa6 23. Ba3 Bxa3 24. Nxa3 Na5 25. h4 Nb3 26. Qe1 Rag8 27. Qe3 g4 28.
Nh2 Ke8 29. h5 Rg5 30. Bd1 Rhg8 31. Qf4 g3 32. fxg3 Rxg3 33. Ng4 R3xg4 34. Bxg4
Rg5 35. Rf2 Qb7 36. Bxe6 Rg7 37. Qf6 fxe6 38. Qf8+ Kd7 39. Qd6+ 1-0

[Event "Campeonato Individual Provincial Absolut"]
[Site "Trinquet de Manises (Manises -"]
[Date "2011.11.26"]
[Round "7"]
[White "Navarro Diaz, Carles"]
[Black "Rodriguez Valencoso, Juan Carlo"]
[Result "1-0"]
[WhiteElo "2100"]
[BlackElo "2189"]
[PlyCount "41"]
[EventDate "2011.10.01"]
[EventRounds "7"]
[EventCountry "ESP"]

1. d4 c5 2. dxc5 e6 3. Nc3 Na6 4. Bf4 Nxc5 5. e4 d6 6. Bb5+ Bd7 7. b4 Bxb5 8.
Nxb5 Nxe4 9. Qe2 a6 10. Qxe4 axb5 11. Qxb7 Qc8 12. Qxb5+ Ke7 13. Nf3 Qc3+ 14.
Ke2 Qxc2+ 15. Nd2 Rxa2 16. Rhc1 Qe4+ 17. Kf1 Qxf4 18. Rxa2 Nh6 19. Rc4 Qf5 20.
Qxf5 Nxf5 21. Ra8 1-0

[Event "Campeonato Individual Provincial Absolut"]
[Site "Trinquet de Manises (Manises -"]
[Date "2011.11.26"]
[Round "7"]
[White "Martinez Villena, David"]
[Black "Madero, Sergio"]
[Result "1-0"]
[WhiteElo "1968"]
[BlackElo "2120"]
[PlyCount "167"]
[EventDate "2011.10.01"]
[EventRounds "7"]
[EventCountry "ESP"]

1. d4 Nf6 2. c4 g6 3. Nc3 Bg7 4. e4 d6 5. f4 O-O 6. Nf3 Na6 7. c5 dxc5 8. d5 e6
9. Bxa6 bxa6 10. O-O exd5 11. e5 Ne4 12. Qxd5 Qxd5 13. Nxd5 Bb7 14. Nc3 Nxc3
15. bxc3 f6 16. e6 Be4 17. Ba3 Rfe8 18. Bxc5 Rxe6 19. Nd4 Ree8 20. Rac1 f5 21.
Nf3 Rad8 22. Bd4 Bf8 23. Ng5 Bd3 24. Rfe1 Bc4 25. a4 Bd6 26. g3 Bd5 27. Kf2 h6
28. Nf3 Re4 29. Rxe4 Bxe4 30. Ne5 g5 31. h4 Rb8 32. Re1 Rb3 33. hxg5 hxg5 34.
fxg5 c5 35. Nc4 Bxg3+ 36. Kxg3 cxd4 37. Nd2 Rxc3+ 38. Kf4 Bc2 39. Re8+ Kf7 40.
Rd8 d3 41. Kxf5 Rc5+ 42. Kf4 Ra5 43. Rd7+ Ke6 44. g6 Rf5+ 45. Kg4 Rf2 46. Kg3
Rxd2 47. g7 Kxd7 48. g8=Q Re2 49. Qd5+ Kc7 50. Qc5+ Kb7 51. Qd5+ Kc7 52. Qc5+
Kd8 53. Qd6+ Ke8 54. Qc6+ Kf7 55. Qd7+ Kf6 56. Qd6+ Re6 57. Qf4+ Ke7 58. Qc7+
Ke8 59. Qc8+ Kf7 60. Qd7+ Kf6 61. Qd4+ Kf5 62. Qf4+ Kg6 63. Qg4+ Kf7 64. Qf5+
Ke7 65. Qc5+ Rd6 66. Qc7+ Ke6 67. Qc4+ Ke5 68. Qc5+ Rd5 69. Qe3+ Kd6 70. Qf4+
Kc5 71. Qf8+ Kc4 72. Qc8+ Rc5 73. Qxa6+ Kb3 74. Qb7+ Ka2 75. Qb4 Rc6 76. a5 a6
77. Kf2 Bb3 78. Ke3 Rc4 79. Qd2+ Bc2 80. Qf2 Kb2 81. Kd2 Rb4 82. Qf6+ Kb3 83.
Qxa6 Ka4 84. Qa8 1-0

[Event "Campeonato Individual Provincial Absolut"]
[Site "Trinquet de Manises (Manises -"]
[Date "2011.11.26"]
[Round "7"]
[White "Monmeneu Chulia, Vicente Juan"]
[Black "Capella Gimenez, Jose M"]
[Result "0-1"]
[WhiteElo "1953"]
[BlackElo "2107"]
[PlyCount "130"]
[EventDate "2011.10.01"]
[EventRounds "7"]
[EventCountry "ESP"]

1. e4 c6 2. d4 d5 3. Nc3 dxe4 4. Nxe4 Bf5 5. Ng3 Bg6 6. Nf3 Nf6 7. Ne5 Nbd7 8.
Nxg6 hxg6 9. Be3 e6 10. Be2 Bd6 11. O-O Qc7 12. c4 Ne4 13. f4 Nxg3 14. hxg3 Nf6
15. c5 Be7 16. Bc4 Rd8 17. Qe2 Nd5 18. Bxd5 Rxd5 19. g4 Bf6 20. Rad1 Qd7 21.
Qf2 e5 22. g5 Be7 23. fxe5 Bxc5 24. Rd2 Bb6 25. Rfd1 Qg4 26. Qf4 Qxf4 27. Bxf4
O-O 28. b4 Rfd8 29. Be3 Rxe5 30. Kf2 Red5 31. Kf3 Re8 32. Bf4 Bd8 33. g4 Bxg5
34. Bxg5 Rxg5 35. d5 cxd5 36. Rxd5 Rge5 37. Rxe5 Rxe5 38. Rd8+ Kh7 39. Rd7 Rb5
40. a3 f6 41. Rc7 g5 42. Ke4 a5 43. bxa5 Re5+ 44. Kf3 Rxa5 45. Rxb7 Rxa3+ 46.
Kg2 Re3 47. Ra7 Re5 48. Kg3 Kh6 49. Ra6 Kg6 50. Ra7 Re8 51. Rb7 Rf8 52. Ra7 Rf7
53. Ra8 Re7 54. Rf8 Re6 55. Kf3 Kh7 56. Kf2 g6 57. Ra8 Kg7 58. Ra7+ Kf8 59.
Ra8+ Kf7 60. Ra7+ Re7 61. Ra8 f5 62. Ra5 Kf6 63. Ra6+ Re6 64. Ra5 Re4 65. gxf5
gxf5 0-1

[Event "Campeonato Individual Provincial Absolut"]
[Site "Trinquet de Manises (Manises -"]
[Date "2011.11.26"]
[Round "7"]
[White "Martinez Ahrens, Francisco"]
[Black "Mateu Pla, Sergio"]
[Result "0-1"]
[WhiteElo "2105"]
[BlackElo "1994"]
[PlyCount "36"]
[EventDate "2011.10.01"]
[EventRounds "7"]
[EventCountry "ESP"]

1. e4 c5 2. Nf3 d6 3. c3 Nf6 4. Be2 Bg4 5. O-O e6 6. Re1 Nc6 7. d3 d5 8. e5 Nd7
9. Bf4 Be7 10. Qd2 O-O 11. h3 Bh5 12. g4 Bg6 13. g5 Bh5 14. h4 f6 15. gxf6 gxf6
16. Bh6 Rf7 17. Ng5 fxg5 18. Bxh5 Rf4 0-1

[Event "Campeonato Individual Provincial Absolut"]
[Site "Trinquet de Manises (Manises -"]
[Date "2011.11.26"]
[Round "7"]
[White "Nieves Cabanes, Javier"]
[Black "Calvo Galve, Nestor"]
[Result "0-1"]
[WhiteElo "1925"]
[BlackElo "2055"]
[PlyCount "88"]
[EventDate "2011.10.01"]
[EventRounds "7"]
[EventCountry "ESP"]

1. d4 d5 2. c4 c6 3. Nc3 Nf6 4. Nf3 a6 5. g3 e6 6. Bg2 Be7 7. O-O O-O 8. Qc2
Nbd7 9. Rd1 Qc7 10. Bf4 Bd6 11. Bxd6 Qxd6 12. e4 Nxe4 13. Nxe4 dxe4 14. Qxe4
Nf6 15. Qe5 Qb4 16. b3 Bd7 17. Qe1 Qb6 18. Ne5 Rad8 19. b4 Bc8 20. Qc3 Qc7 21.
f4 Rfe8 22. a4 Bd7 23. Rd3 Rc8 24. a5 Red8 25. Rad1 Be8 26. g4 Kh8 27. Rh3 Nd7
28. Qd3 Nf8 29. Qg3 f6 30. Nf3 Ng6 31. Qf2 Nxf4 32. Rg3 g5 33. h4 gxh4 34. Nxh4
Ne2+ 35. Qxe2 Qxg3 36. Rd3 Qxh4 37. Rh3 Qg5 38. Qxe6 Qg7 39. Be4 Bg6 40. Bxg6
Qxg6 41. d5 cxd5 42. Rf3 Re8 43. Qxd5 Qxg4+ 44. Kf2 Rcd8 0-1

[Event "Campeonato Individual Provincial Absolut"]
[Site "Trinquet de Manises (Manises -"]
[Date "2011.11.26"]
[Round "7"]
[White "Navarro Mora, Jesualdo"]
[Black "Paredes Facundo, Jose Carlos"]
[Result "1/2-1/2"]
[WhiteElo "2009"]
[BlackElo "1937"]
[PlyCount "63"]
[EventDate "2011.10.01"]
[EventRounds "7"]
[EventCountry "ESP"]

1. d4 Nf6 2. Nf3 e6 3. g3 b5 4. Bg2 Bb7 5. O-O c5 6. c3 Na6 7. Qd3 cxd4 8. Qxb5
Rb8 9. cxd4 Be7 10. Qa4 O-O 11. Nc3 Qb6 12. Bf4 Rbc8 13. Rab1 Nb4 14. Qb5 Ba6
15. Qxb6 axb6 16. Rfe1 Nbd5 17. Bd2 Nxc3 18. bxc3 Rb8 19. Ne5 Rfc8 20. Bg5 d5
21. Bd2 Ne4 22. Bxe4 dxe4 23. Kf1 Rb7 24. h4 f6 25. Ng4 h5 26. Ne3 g5 27. Ng2
Bc4 28. Rb2 Ra8 29. hxg5 fxg5 30. Ne3 Ba6 31. Reb1 Rab8 32. Nc2 1/2-1/2

[Event "Campeonato Individual Provincial Absolut"]
[Site "Trinquet de Manises (Manises -"]
[Date "2011.11.26"]
[Round "7"]
[White "Gimeno Martos, Roberto"]
[Black "Almenar Montaner, Vicente"]
[Result "1/2-1/2"]
[WhiteElo "2148"]
[BlackElo "2039"]
[PlyCount "70"]
[EventDate "2011.10.01"]
[EventRounds "7"]
[EventCountry "ESP"]

1. e4 c6 2. c4 d5 3. exd5 cxd5 4. cxd5 Qxd5 5. Nc3 Qd8 6. Nf3 Nf6 7. Be2 g6 8.
O-O Bg7 9. d4 O-O 10. a4 b6 11. Bf4 Bb7 12. Qd2 e6 13. Bh6 Nc6 14. Bxg7 Kxg7
15. Rfd1 Nd5 16. Nxd5 Qxd5 17. b4 Rfd8 18. Qb2 Kg8 19. a5 bxa5 20. b5 Ne7 21.
Rxa5 Nf5 22. Rda1 Qe4 23. d5 exd5 24. Ne1 Re8 25. Bd3 Qe7 26. Nf3 Nd6 27. Rxa7
Rxa7 28. Rxa7 Nc4 29. Qd4 Nd6 30. h3 Ra8 31. Rxa8+ Bxa8 32. Qc5 Bb7 33. Bc2 Qd8
34. Bb3 Ne4 35. Qd4 Qf6 1/2-1/2

[Event "Campeonato Individual Provincial Absolut"]
[Site "Trinquet de Manises (Manises -"]
[Date "2011.11.26"]
[Round "7"]
[White "Aparisi Arnandis, Bernardo"]
[Black "Rubio Fornes, Abel"]
[Result "1-0"]
[WhiteElo "2048"]
[BlackElo "2006"]
[PlyCount "83"]
[EventDate "2011.10.01"]
[EventRounds "7"]
[EventCountry "ESP"]

1. e4 e6 2. d4 d5 3. Nd2 dxe4 4. Nxe4 Nf6 5. Nxf6+ Qxf6 6. Nf3 h6 7. Bd3 c5 8.
Be3 Nc6 9. c3 cxd4 10. Nxd4 Bd7 11. Nb5 Qe5 12. O-O a6 13. Nd4 Bd6 14. Nf3 Qd5
15. Qc2 Bc7 16. Rfd1 Qh5 17. Be2 Ne5 18. Bf4 Nxf3+ 19. Bxf3 Qa5 20. b4 Qb6 21.
Be3 Qb5 22. Bc5 Be5 23. Qb3 Qa4 24. Bxb7 Rb8 25. Rxd7 Qxd7 26. Bxa6 Qc6 27. Be2
Kd7 28. Qc4 Rhc8 29. a4 Ke8 30. Bf3 Qc7 31. Qd3 Bxh2+ 32. Kh1 Rd8 33. Qe4 Rd5
34. Qh4 Be5 35. Bxd5 g5 36. Qc4 exd5 37. Qxd5 Bxc3 38. Rd1 Rd8 39. Qe4+ Be5 40.
Rxd8+ Kxd8 41. a5 f6 42. Bb6 1-0

[Event "Campeonato Individual Provincial Absolut"]
[Site "Trinquet de Manises (Manises -"]
[Date "2011.11.26"]
[Round "7"]
[White "Picornell Morant, Juan Enrique"]
[Black "De La Calle Llopis, Juan"]
[Result "1/2-1/2"]
[WhiteElo "1962"]
[BlackElo "2025"]
[PlyCount "69"]
[EventDate "2011.10.01"]
[EventRounds "7"]
[EventCountry "ESP"]

1. e4 c5 2. Nf3 d6 3. d4 cxd4 4. Nxd4 a6 5. Nc3 e6 6. Bc4 Qc7 7. Bb3 Nc6 8. f4
Nf6 9. Be3 b5 10. f5 Nxd4 11. Bxd4 e5 12. Be3 Bb7 13. Nd5 Bxd5 14. Bxd5 Nxd5
15. Qxd5 Rc8 16. O-O Be7 17. c3 Qc4 18. Qb7 Qc6 19. Qxc6+ Rxc6 20. a4 Kd7 21.
axb5 axb5 22. Ra7+ Rc7 23. Rfa1 Rb8 24. Rxc7+ Kxc7 25. Ra7+ Rb7 26. Rxb7+ Kxb7
27. Kf2 Kc6 28. Ke2 d5 29. Kd3 h5 30. g3 Bd8 31. h3 Be7 32. b3 f6 33. g4 hxg4
34. hxg4 Bd8 35. Ba7 1/2-1/2

[Event "Campeonato Individual Provincial Absolut"]
[Site "Trinquet de Manises (Manises -"]
[Date "2011.11.26"]
[Round "7"]
[White "Gimenez Saiz, Jose Raul"]
[Black "Redondo Flores, David"]
[Result "1/2-1/2"]
[WhiteElo "1976"]
[BlackElo "1956"]
[PlyCount "96"]
[EventDate "2011.10.01"]
[EventRounds "7"]
[EventCountry "ESP"]

1. e4 c5 2. Nf3 d6 3. d4 cxd4 4. Nxd4 Nf6 5. Nc3 a6 6. Be3 e6 7. g4 e5 8. Nf5
g6 9. g5 gxf5 10. exf5 Bxf5 11. gxf6 Be6 12. Bg2 Nc6 13. Qf3 h5 14. Bh3 Qd7 15.
Bxe6 Qxe6 16. Nd5 e4 17. Nc7+ Kd7 18. Nxe6 exf3 19. Ng5 Ne5 20. h4 Bh6 21.
O-O-O Bxg5 22. hxg5 Ke6 23. Rh3 Rh7 24. Bf4 h4 25. Bxe5 dxe5 26. Rxf3 h3 27.
Rh1 h2 28. Kd2 Rah8 29. Rb3 Rg8 30. Rg3 Kf5 31. Rf3+ Ke4 32. Rg3 Kf4 33. g6
Rxg6 34. Rxg6 fxg6 35. f7 Rxf7 36. Rxh2 g5 37. Ke2 e4 38. Rh6 g4 39. Rg6 a5 40.
c4 Rh7 41. Rf6+ Ke5 42. Rg6 Kf5 43. Rg8 b6 44. b3 Rh6 45. Rf8+ Ke5 46. Rg8 Kf4
47. Rf8+ Ke5 48. Rg8 Kf4 1/2-1/2

[Event "Campeonato Individual Provincial Absolut"]
[Site "Trinquet de Manises (Manises -"]
[Date "2011.11.26"]
[Round "7"]
[White "Soler Di Benedetto, Sandra"]
[Black "Perales Arona, Joaquin"]
[Result "1/2-1/2"]
[WhiteElo "1971"]
[BlackElo "1889"]
[PlyCount "69"]
[EventDate "2011.10.01"]
[EventRounds "7"]
[EventCountry "ESP"]

1. Nf3 Nf6 2. g3 g6 3. d4 Bg7 4. Bg2 d5 5. c4 c6 6. O-O O-O 7. Nbd2 Bf5 8. b3
Nbd7 9. Re1 Be4 10. Nxe4 Nxe4 11. Bb2 e6 12. Qc2 Rc8 13. Rad1 Qf6 14. e3 g5 15.
Qe2 Qf5 16. Nd2 Ndf6 17. Nxe4 Nxe4 18. f3 Nf6 19. e4 Qg6 20. e5 Nd7 21. Qe3 b5
22. c5 a5 23. Bf1 Ra8 24. Bd3 Qh5 25. Bc1 f6 26. exf6 Rxf6 27. Qxg5 Qxg5 28.
Bxg5 Rxf3 29. Be2 Rc3 30. Bg4 Nf8 31. Bxe6+ Nxe6 32. Rxe6 Rc2 33. Rxc6 Re8 34.
Rd6 Ree2 35. Rxd5 1/2-1/2

[Event "Campeonato Individual Provincial Absolut"]
[Site "Trinquet de Manises (Manises -"]
[Date "2011.11.26"]
[Round "7"]
[White "Gimenez Menchon, Cesar"]
[Black "Monton Queralt, Jose Angel"]
[Result "0-1"]
[WhiteElo "2050"]
[BlackElo "2072"]
[PlyCount "100"]
[EventDate "2011.10.01"]
[EventRounds "7"]
[EventCountry "ESP"]

1. d4 d5 2. Nf3 Nf6 3. Bf4 e6 4. e3 c5 5. c3 Nc6 6. Bd3 Bd6 7. Bg3 O-O 8. Nbd2
Re8 9. Ne5 Bxe5 10. dxe5 Nd7 11. f4 c4 12. Bxc4 dxc4 13. Nxc4 Qe7 14. Nd6 Rd8
15. Qg4 f6 16. Bh4 Ndxe5 17. fxe5 Nxe5 18. Nxc8 Nxg4 19. Nxe7+ Kf7 20. Ke2 Kxe7
21. Bg3 Rd5 22. Rhd1 Rad8 23. Rd4 Nh6 24. Bf2 e5 25. Rxd5 Rxd5 26. e4 Ra5 27.
a4 b5 28. b3 Nf7 29. Bc5+ Ke8 30. Bb4 Ra6 31. c4 bxc4 32. bxc4 Rb6 33. Bc5 Rb2+
34. Kf3 Ng5+ 35. Ke3 a6 36. h4 Ne6 37. Ba7 Rb7 38. c5 Rxa7 39. Rc1 Rc7 40. c6
Nd4 41. Rb1 Rxc6 42. Rb8+ Kf7 43. Rb7+ Kg6 44. g4 Rc4 45. h5+ Kh6 46. a5 Rc5
47. Kf2 Rxa5 48. Kg3 Ra3+ 49. Kh4 Nf3+ 50. Kg3 Ng5+ 0-1

[Event "Cto Preferente Norte Individual"]
[Site "Centre Polivalent - C/ Isaac P"]
[Date "2011.10.01"]
[Round "1"]
[White "Guerra Reig, Juan"]
[Black "Albert Garrote, Amadeo"]
[Result "0-1"]
[WhiteElo "2087"]
[BlackElo "1868"]
[PlyCount "68"]
[EventDate "2011.10.01"]
[EventRounds "7"]
[EventCountry "ESP"]

1. d4 d5 2. Nf3 Nf6 3. Bf4 c6 4. e3 Qb6 5. b3 Bg4 6. Bd3 Nbd7 7. h3 Bh5 8. Nbd2
e6 9. c3 c5 10. O-O Bd6 11. Bxd6 Qxd6 12. Qc2 Bg6 13. Bxg6 hxg6 14. e4 cxd4 15.
cxd4 dxe4 16. Nxe4 Qf4 17. Nxf6+ gxf6 18. Rfe1 O-O 19. Re4 Qf5 20. Qe2 Nb6 21.
Re1 Kg7 22. Qd2 Rac8 23. Nh4 Qh5 24. Qe2 Qh6 25. Qe3 g5 26. Rg4 Nd5 27. Qg3 Rc3
28. Nf3 Rh8 29. h4 Ne7 30. Qd6 Ng6 31. Qd7 Qh5 32. Rg3 g4 33. Ng5 fxg5 34. f3
Qxh4 0-1

[Event "Cto Preferente Norte Individual"]
[Site "Centre Polivalent - C/ Isaac P"]
[Date "2011.10.01"]
[Round "1"]
[White "Cebrian Flores, Juan Antonio"]
[Black "Penades Ordaz, Victor"]
[Result "0-1"]
[WhiteElo "1864"]
[BlackElo "2086"]
[PlyCount "92"]
[EventDate "2011.10.01"]
[EventRounds "7"]
[EventCountry "ESP"]

1. d4 Nf6 2. c4 g6 3. Nc3 Bg7 4. e4 d6 5. Nf3 O-O 6. Be2 e5 7. O-O exd4 8. Nxd4
Nc6 9. Nc2 Re8 10. f3 Be6 11. Bg5 h6 12. Be3 Nd7 13. Qd2 Kh7 14. f4 f5 15. exf5
Bxf5 16. Bd3 Bxd3 17. Qxd3 Nc5 18. Bxc5 dxc5 19. Rad1 Qxd3 20. Rxd3 Nd4 21.
Nxd4 Bxd4+ 22. Kh1 c6 23. Rdf3 Re7 24. f5 gxf5 25. Rxf5 Rae8 26. g3 Kg6 27. Kg2
Rb8 28. Rf8 Ree8 29. R8f4 Re7 30. Rf8 Rbe8 31. R8f5 Re3 32. R5f3 R3e6 33. Rf5
R8e7 34. Rf8 Bg7 35. R8f4 h5 36. Rf5 Rd6 37. Rd1 Rd4 38. Rf4 Rxf4 39. gxf4 Bd4
40. Rd3 Kf5 41. Kf3 Re1 42. Ne2 Rf1+ 43. Kg3 Ke4 44. Ra3 Bxb2 45. Rxa7 Kd3 46.
Rxb7 Kxe2 0-1

[Event "Cto Preferente Norte Individual"]
[Site "Centre Polivalent - C/ Isaac P"]
[Date "2011.10.01"]
[Round "1"]
[White "Penades Ordaz, Carlos"]
[Black "Lopez Benavent, Luis Vicente"]
[Result "1-0"]
[WhiteElo "2082"]
[BlackElo "1862"]
[PlyCount "41"]
[EventDate "2011.10.01"]
[EventRounds "7"]
[EventCountry "ESP"]

1. e4 e6 2. d4 d5 3. e5 c5 4. c3 Nc6 5. Nf3 Bd7 6. a3 Rc8 7. b4 cxd4 8. cxd4
Qc7 9. Bb2 f6 10. Bd3 Qb6 11. O-O f5 12. Nc3 Na5 13. Na4 Bxa4 14. Qxa4+ Nc6 15.
Rfc1 Nge7 16. Ng5 Kd7 17. Nf7 Rg8 18. Nd6 Rc7 19. b5 Na5 20. Rxc7+ Kxc7 21. Bc3
1-0

[Event "Cto Preferente Norte Individual"]
[Site "Centre Polivalent - C/ Isaac P"]
[Date "2011.10.01"]
[Round "1"]
[White "Victoria De Marco, Jose Andres"]
[Black "Insa Alfonso, Pablo"]
[Result "1/2-1/2"]
[WhiteElo "1851"]
[BlackElo "2050"]
[PlyCount "47"]
[EventDate "2011.10.01"]
[EventRounds "7"]
[EventCountry "ESP"]

1. e4 Nf6 2. e5 Nd5 3. d4 d6 4. c4 Nb6 5. exd6 exd6 6. Nc3 Nc6 7. Be3 Be7 8.
Bd3 Nb4 9. Be2 Bf5 10. Rc1 O-O 11. a3 Nc6 12. Nf3 Re8 13. O-O Bf6 14. b4 a5 15.
b5 Ne7 16. Bd3 Qd7 17. Ne4 Bxe4 18. Bxe4 d5 19. Bd3 dxc4 20. Bxc4 Nxc4 21. Rxc4
Nd5 22. Qb3 Nxe3 23. fxe3 Qe6 24. Rc3 1/2-1/2

[Event "Cto Preferente Norte Individual"]
[Site "Centre Polivalent - C/ Isaac P"]
[Date "2011.10.01"]
[Round "1"]
[White "Pradas Soria, Ernesto"]
[Black "Garcia Martinez, Cesar"]
[Result "1/2-1/2"]
[WhiteElo "1847"]
[BlackElo "1997"]
[PlyCount "65"]
[EventDate "2011.10.01"]
[EventRounds "7"]
[EventCountry "ESP"]

1. e4 e5 2. Nf3 Nf6 3. Nxe5 d6 4. Nf3 Nxe4 5. d4 d5 6. Bd3 Nc6 7. O-O Be7 8.
Re1 f5 9. c4 Nb4 10. Be2 O-O 11. Nc3 c6 12. a3 Nxc3 13. bxc3 Na6 14. Qb3 Kh8
15. cxd5 cxd5 16. Bxa6 bxa6 17. Bf4 Bf6 18. Re2 a5 19. Rae1 Ba6 20. Re6 Bc4 21.
Qc2 Qd7 22. Ne5 Bxe5 23. R6xe5 Rae8 24. Rxe8 Rxe8 25. Rxe8+ Qxe8 26. Be5 Qd7
27. Qb1 h6 28. Qb8+ Kh7 29. Qf8 Bd3 30. h4 a4 31. f3 a6 32. Kf2 Bc2 33. h5
1/2-1/2

[Event "Cto Preferente Norte Individual"]
[Site "Centre Polivalent - C/ Isaac P"]
[Date "2011.10.01"]
[Round "1"]
[White "Benedito Salavert, Jaime"]
[Black "Arnal Legua, Vicente"]
[Result "1-0"]
[WhiteElo "1993"]
[BlackElo "1842"]
[PlyCount "91"]
[EventDate "2011.10.01"]
[EventRounds "7"]
[EventCountry "ESP"]

1. d4 Nf6 2. Nf3 d5 3. c4 e6 4. Nc3 Be7 5. Bf4 c6 6. e3 Nbd7 7. Bd3 O-O 8. O-O
Re8 9. Rc1 Nf8 10. Ne5 N6d7 11. e4 Nxe5 12. Bxe5 Ng6 13. exd5 exd5 14. cxd5
cxd5 15. Nb5 Nxe5 16. dxe5 Bd7 17. Nc7 Bc6 18. Nxe8 Qxe8 19. Qe2 Bd8 20. b4 a6
21. Rfe1 Bg5 22. Rc2 Rd8 23. Qg4 h6 24. e6 Bd7 25. Qf5 Bxe6 26. Qh7+ Kf8 27.
Rc7 Rd7 28. Rxd7 Qxd7 29. Qh8+ Ke7 30. Qxg7 Kd6 31. Qe5+ Ke7 32. Bf5 Qd6 33.
Qe2 Kd7 34. Bxe6+ fxe6 35. b5 Bd8 36. bxa6 bxa6 37. Qe3 h5 38. Qh6 h4 39. Qh7+
Qe7 40. Qd3 Qd6 41. Qe2 Bc7 42. g3 hxg3 43. fxg3 d4 44. Qe4 e5 45. Rf1 Qc6 46.
Rf7+ 1-0

[Event "Cto Preferente Norte Individual"]
[Site "Centre Polivalent - C/ Isaac P"]
[Date "2011.10.01"]
[Round "1"]
[White "Benito Vicente, Jose Oscar"]
[Black "Bellver Franco, Manuel Edgar"]
[Result "1/2-1/2"]
[WhiteElo "1973"]
[BlackElo "1833"]
[PlyCount "91"]
[EventDate "2011.10.01"]
[EventRounds "7"]
[EventCountry "ESP"]

1. e4 e5 2. Nf3 Nc6 3. Bc4 Nf6 4. d3 Be7 5. c3 d6 6. h3 O-O 7. Bb3 d5 8. Qe2 d4
9. c4 Bb4+ 10. Nbd2 Nh5 11. Bc2 Nf4 12. Qf1 f5 13. a3 Bxd2+ 14. Bxd2 fxe4 15.
Bxf4 exf3 16. Bd2 Qh4 17. g4 Ne7 18. O-O-O Bd7 19. Re1 Ng6 20. Rg1 Rae8 21. Rg3
Qf6 22. Kb1 Bc6 23. Bb4 Rf7 24. Bd2 Nf4 25. Bxf4 Qxf4 26. Rd1 e4 27. dxe4 Bxe4
28. Bxe4 Qxe4+ 29. Qd3 c5 30. Ka2 Qxd3 31. Rxd3 Re2 32. Rgxf3 Rxf2 33. Rg3 Re7
34. a4 Rc2 35. Rb3 Rxc4 36. Ka3 Rc2 37. Rb5 c4 38. Rd5 d3 39. Rf3 h6 40. Rd8+
Kh7 41. Rff8 d2 42. h4 g6 43. Rd6 Kg7 44. Rfd8 d1=Q 45. Rxd1 Rg2 46. R1d4
1/2-1/2

[Event "Cto Preferente Norte Individual"]
[Site "Centre Polivalent - C/ Isaac P"]
[Date "2011.10.01"]
[Round "1"]
[White "Barry Bertomeu, Enrique"]
[Black "Santamaria Peris, Juan Jose"]
[Result "1/2-1/2"]
[WhiteElo "1929"]
[BlackElo "1822"]
[PlyCount "60"]
[EventDate "2011.10.01"]
[EventRounds "7"]
[EventCountry "ESP"]

1. e4 c5 2. Nf3 Nc6 3. d4 cxd4 4. c3 dxc3 5. Bc4 e6 6. Nxc3 a6 7. O-O Nge7 8.
Qe2 Ng6 9. Rd1 Be7 10. Be3 b5 11. Bb3 O-O 12. Rac1 Na5 13. Nd4 Nxb3 14. Nxb3
Bg5 15. Nc5 Bxe3 16. Qxe3 Qe7 17. e5 f6 18. exf6 gxf6 19. h4 Nxh4 20. Qe4 Qxc5
21. Qxh4 Qg5 22. Qb4 Bb7 23. Ne4 Qg6 24. f3 Bxe4 25. Qxe4 Rac8 26. Qd4 Qg5 27.
Rxc8 Rxc8 28. Qxd7 Qc5+ 29. Kh2 Qh5+ 30. Kg1 Qc5+ 1/2-1/2